Úloha systému štátnej pokladnice pri riadení dlhu a likvidity štátnej a verejnej správy bakalárska práca

Uložené v:
Podrobná bibliografia
Hlavný autor: Varačka, Robert
Korporativný autor: Národohospodárska fakulta EU. Katedra financií
Ďalší autori: Hocman, František, 1983-
Médium: Kniha
Jazyk:Slovak
Vydavateľské údaje: Bratislava 2015
Tagy: Pridať tag
Žiadne tagy, Buďte prvý, kto otaguje tento záznam!

MARC

LEADER 00000nbm a2200000 4500
001 0205055
005 20161212095001.0
041 0 |a slo 
044 |a SK 
245 1 0 |a Úloha systému štátnej pokladnice pri riadení dlhu a likvidity štátnej a verejnej správy  |b bakalárska práca  |c Robert Varačka ; školiteľ: František Hocman 
264 1 |a Bratislava  |c 2015 
300 |a 58 s. 
100 1 |a Varačka, Robert 
700 1 |a Hocman, František, 1983- 
710 2 |a Národohospodárska fakulta EU. Katedra financií